Normale Ansicht MARC-Ansicht ISBD

Tagebücher, Aufsätze, Dokumente / (Titelsatznr. 25786)

[ MARC ]
MARC-Details
000 -Satzkennung
Kontrollfeld mit fester Länge 01142nam a22003131c 4500
001 - Kontrollnummer
Kontrollfeld a987674001
003 - Kontrollnummer Identifier
Kontrollfeld RU-10907106
005 - Datum und Zeit der letzten Transaktion
Kontrollfeld 20240118171150.0
008 - Feld mit fester Länge zur physischen Beschreibung - Allgemeine Angaben
Kontrollfeld mit fester Länge 150630s2008 gw |||| 000u ger d
020 ## - Internationale Standardbuchnummer
Internationale Standardbuchnummer 3525358172
Verknüpfung 3-525-35817-2
040 ## - Katalogisierungsquelle
Übertragungsstelle RU-10907106
Katalogisierungssprache ger
041 ## - Sprachcode
Sprachcode des Textes/der Tonspur oder des separaten Titels ger
100 1# - Haupteintragung - Personenname
Personenname Riezler, Kurt
Koha-Normdatenidentnummer 13751
Funktionsbezeichnungscode aut
Funktionsbezeichnung VerfasserIn
245 00 - Titel
Titel Tagebücher, Aufsätze, Dokumente /
Verfasserangabe etc. Kurt Riezler. Eingel. u. hrsg. von Karl Dietrich Erdmann
250 ## - Ausgabebezeichnung
Ausgabebezeichnung elektronische Version - Ausgabe von 2008
264 ## - Produktion, Veröffentlichung, Distribution, Herstellung und Urheberrechtsvermerk
Herstellungs-, Veröffentlichungs- Vertriebs-, Erzeugungsort Göttingen :
Produzent, Herausgeber, Distributor, Hersteller Vandenhoeck & Ruprecht,
Datum der Herstellung, der Veröffentlichung, des Vertriebs oder des Urheberschutzvermerks 2008
300 ## - Physische Beschreibung
Umfang 766 Seiten
336 ## - Inhaltstyp
Inhaltstypterm Text
Inhaltstypcode txt
Quelle rdacontent
337 ## - Medientyp
Bezeichnung des Medientyps Computermedien
Medientypcode c
Quelle rdamedia
338 ## - Datenträgertyp
Datenträgertypbezeichnung Online-Ressource
Datenträgertypcode cr
Quelle rdacarrier
490 #0 - Gesamttitelangabe
Gesamttitelangabe Deutsche Geschichtsquellen des 19. und 20. Jahrhunderts
Bandnummer/Folgebezeichnung 48
500 ## - Allgemeine Fußnote
Allgemeine Fußnote E-Book / Open Access
600 ## - Nebeneintragung unter einem Schlagwort - Personenname
Personenname Riezler, Kurt
Koha-Normdatenidentnummer 13751
630 ## - Nebeneintragung unter einem Schlagwort - Einheitstitel
Einheitstitel Tagebücher, Aufsätze, Dokumente
Koha-Normdatenidentnummer 59982
655 #7 - Indexierungsterm - Genre/Form
Genre/Form oder fokussierter Term Open Access
700 1# - Nebeneintragung - Personenname
Personenname Erdmann, Karl Dietrich
Funktionsbezeichnung HerausgeberIn
Koha-Normdatenidentnummer 9803
856 4# - Elektronische Adresse und Zugriff
URL <a href="http://nbn-resolving.de/urn/resolver.pl?urn:nbn:de:bvb:12-bsb00083388-9">http://nbn-resolving.de/urn/resolver.pl?urn:nbn:de:bvb:12-bsb00083388-9</a>
OPAC-Notiz frei zugänglich
942 ## - Zusätzliche Felder (Koha)
Koha-Medientyp E-Books
Klassifikation oder Aufstellungssystematik Andere/Generische Klassifikation
Exemplare
Ausgeschieden Verloren Klassifikation oder Aufstellungssystematik Beschädigt Nicht entleihbar Heimatbibliothek Aufenthaltsbibliothek Aufstellungsort Erwerbungsdatum Inventarnummer Signatur Barcode Letzte Aktivität Preis gültig von Koha-Medientyp
    Andere/Generische Klassifikation     MWN Osteuropa MWN Osteuropa Online-Ressource 30/06/2015 15-e00181 Digierß E-15-e00181 | D 45 c Rie (E-Book) 25789 18/03/2021 22/03/2021 E-Books